000
00289nam a2200121Ia 4500
005
20251222141810.0
008
251222s9999||||xx |||||||||||||| ||spa||
082
_a
378.985/M86
100
_a
Mora T., Jaime Felix
245
0
_a
Alternativas Hacia el Futuro
264
_b
Noriega
942
_c
LIB
999
_c
6434
_d
6434